20 Most Followed X Accounts - Statistics

General Stats
  • This quiz has been taken 14 times
  • The average score is 7 of 20
Answer Stats
Followers Account % Correct
1 161.7 million elonmusk
100%
7 94.7 million taylorswift13
83%
9 87.5 million realDonaldTrump
75%
4 110.1 million Cristiano
67%
3 111.6 million justinbieber
67%
2 132 million BarackObama
50%
13 75.3 million KimKardashian
42%
17 64.1 million BillGates
33%
16 66.7 million selenagomez
33%
6 107.1 million katyperry
25%
15 67.1 million X
25%
10 83.9 million ladygaga
17%
19 63 million neymarjr
17%
18 63.9 million ccnbrk
8%
20 61.9 million CNN
8%
8 92.8 million narendramodi
8%
5 108.5 million rihanna
8%
14 75 million EllenDeGeneres
0%
12 77.8 million NASA
0%
11 79.5 million YouTube
0%
No matching quizzes found
Score Distribution
Percent of People with Each Score
Percentile by Number Answered
Your Score History
You have not taken this quiz